Mathematical physics (Record no. 20107)

MARC details
000 -LEADER
fixed length control field 00489nam a2200193 a 4500
001 - CONTROL NUMBER
control field 157799
003 - CONTROL NUMBER IDENTIFIER
control field OSt
005 - DATE AND TIME OF LATEST TRANSACTION
control field 20211230124235.0
008 - FIXED-LENGTH DATA ELEMENTS--GENERAL INFORMATION
fixed length control field 200626 ### ENG
020 ## - INTERNATIONAL STANDARD BOOK NUMBER
International Standard Book Number 9789352533572
082 ## - DEWEY DECIMAL CLASSIFICATION NUMBER
Classification number 530.15
Item number D26M
100 ## - MAIN ENTRY--PERSONAL NAME
Personal name Dass, H.K.
245 ## - TITLE STATEMENT
Title Mathematical physics
Statement of responsibility, etc by H.K. Dass and Rama Verma
260 ## - PUBLICATION, DISTRIBUTION, ETC. (IMPRINT)
Place of publication, distribution, etc New Delhi
Name of publisher, distributor, etc S Chand and Company
Date of publication, distribution, etc 2019
300 ## - PHYSICAL DESCRIPTION
Extent 1416p.
653 ## - INDEX TERM--UNCONTROLLED
Uncontrolled term Mathematical physics
700 ## - ADDED ENTRY--PERSONAL NAME
Personal name Verma, Rama
942 ## - ADDED ENTRY ELEMENTS (KOHA)
Source of classification or shelving scheme Dewey Decimal Classification
Koha item type Books
Holdings
Withdrawn status Lost status Source of classification or shelving scheme Damaged status Not for loan Collection code Home library Current library Date acquired Source of acquisition Total Checkouts Full call number Barcode Date last seen Date checked out Price effective from Koha item type
    Dewey Decimal Classification     General Text Book Central University Of Rajasthan Central University Of Rajasthan 26/06/2020 UGC-NET 28 530.15 D26M 33757 09/06/2026 03/06/2026 02/09/2020 Books